000
00318nam a22001337a 4500
008
250513b |||||||| |||| 00| 0 eng d
020
_a
0220662436
050
_a
HD437
_b
.W66
100
_a
Wood E.G.
245
_a
Costing matters for managers
260
_a
London
_b
Business books
_c
1974
300
_a
xviii
942
_c
BK
999
_c
3452
_d
3452